000 00316 a2200157 4500
001 179388
020 _a
040 _cMagnum
100 _aJose, Elias
240 1 0 _aSem pe nem cabeca
_lpor
245 1 0 _aSem pe nem cabeca
362 0 _a1899
440 1 _aFormato
697 _aMAGNITO: IJ/GERAL
942 _cBK
999 _c179388
_d179388